Online Catalogue and eLibrary

Rebirthas Doctrine and Experience : (Record no. 866)

MARC details
000 -LEADER
fixed length control field 00509nam a2200169Ia 4500
005 - DATE AND TIME OF LATEST TRANSACTION
control field 20240723032421.0
008 - FIXED-LENGTH DATA ELEMENTS--GENERAL INFORMATION
fixed length control field 240331s9999 xx 000 0 und d
020 ## - INTERNATIONAL STANDARD BOOK NUMBER
ISBN 9552400228
082 ## - DDC Classification
Class No. 291.237
Item Number - Author Mark SUG
100 ## - MAIN ENTRY--PERSONAL NAME
Personal name Sugatananda, Anagaklika
245 #0 - TITLE STATEMENT
Title Rebirthas Doctrine and Experience :
Remainder of title Essays and Case Studies Introductionby Ln Stevenson,M .D.
260 ## - PUBLICATION, DISTRIBUTION, ETC.
Place of publication, distribution, etc. Kandy
Name of publisher, distributor, etc. Buddhist Publication Society
Date of publication, distribution, etc. 1975
300 ## - PHYSICAL DESCRIPTION
Extent (e.g. Volumes, Pages etc.) xv, 278 p ., ( V II)
650 ## - SUBJECT ADDED ENTRY--TOPICAL TERM
Topical term or geographic name entry element Rebirth Cases
650 ## - SUBJECT ADDED ENTRY--TOPICAL TERM
Topical term or geographic name entry element Buddhist
942 ## - Koha item type (Biblio)
Koha item type Books in Stacks (Lending)
Holdings
Lost status Damaged status Collection code Home library Current library Shelving location Date acquired Full call number Accession Number Item type
    Lending WERC Library WERC Library Social Science Cupboard 03/31/2024 291.237 SUG 649 Books in Stacks (Lending)

© WERC Library